1089 1042 1055 1199 1213 1649 1136 1088 1816 1003 1988 1110 1145 1231 1117 1934 1217 1925 1302 1473 1122 1152 1825 1795 1385 1209 1973 1980 1886 1070 1976 1210 1980 1465 1258 1797 1059 1638 1190 1525 1232 1948 1054 1323 1137 1944 1398 1306 1288 1658 1709 1927 1404 1653 1999 1169 1914 1435 1044 1908 1152 1295 1004 1927 1372 1841 1038 1850 1332 1036 1681 1560 1323 1562 1753 1550 1320 1454 1447 1619 1965 1901 1226 1446 1252 1888 1689 1527 1443 1381 1557 1099 1778 1202 1935 1043 1280 1903 1694 BCNSPRNW ULIB Ver.6.0+V

เปลี่ยนเป็นภาษาไทย

Change to English
 แสดงรายละเอียดบรรณานุกรม
  กลับหน้าหลัก

Brief Record : Get Marc (ISO 2709) : E-mail record : QR code < ปิดหน้าต่าง
LEADER : 00000nam 2200000uu 4500
001    13399114009
003     ULIB
008    120125s2545||||th 000 0 tha d
020    ^a9742944458
060 04 ^aWA546^bส712ศ 2545
245 00 ^aศูนย์สุขภาพชุมชน:หนทางสู่ระบบบริการที่พึงประสงค์ /^cสำเริง แหยงกระโทก ,รุจิรา มังคละศิริ,บรรณาธิการ
260    ^a[นครราชสีมา :^bสำนักงานสาธารณสุขจังหวัดนครราชสีมา], 2545
300    ^a220 หน้า.
650  7 ^aศูนย์สุขภาพชุมชน
700 0  ^aสำเริง แหยงกระโทก,^eบรรณาธิการ
700 0  ^aรุจิรา มังคละศิริ,^eบรรณาธิการ
710 2  ^aสำนักงานสาธารณสุขจังหวัดนครราชสีมา
945    ^p150^l0^i11532
945    ^p150^l0^i11533
945    ^p150^l0^i11531
995    ^aกัณชพร
999    ^aใช้งานได้ทุกระบบ
รายการนี้ยังไม่มีแท็ก
คุณยังไม่ได้ล็อกอิน คุณสามารถมีกิจกรรมร่วมกับเว็บไซต์ได้ แต่ต้องล็อกอินก่อน ::
  ล็อกอิน

รายการสื่อสารสนเทศ

ลำดับที่ ประเภท เลขเรียก/บาร์โค้ด สถานที่ สถานะ
- ไม่พบข้อมูล -

รายการใกล้เคียง
    หัวเรื่อง [ศูนย์สุขภาพชุมชน]

BibComment


ยังไม่เคยถูกคอมเมนท์

คอมเมนท์ทรัพยากรรายการนี้
  คอมเมนท์: ศูนย์สุขภาพชุมชน..


 Copyright 2026. Bcnsprnw @Library